000 00559pab a2200181 454500
008 180718b2012 xxu||||| |||| 00| 0 eng d
100 _aHussain, Akhter
245 _aImportance of participatory method in the service delivery of municipalities and union parishads: Citizen perspective
260 _c2012
300 _ap.265-277.
362 _aJul-Dec
650 _aParticipatory development - Bangladesh
650 _aParticipatory development
700 _aRahman, Md. Mafizur
773 _aAdministrative Change
908 _aN
909 _a100976
999 _c100975
_d100975